000 00857nmm a2200313 a 4500
003 AR-BaBNM
005 20251128211632.0
008 215020s1996 ||||||||||||||000 | spa||
020 _a0 435 26606 3
040 _cAR-BaBNM
245 1 0 _aChallenge and change in language teaching
250 _a1ª ed.
260 _aInglaterra
_bHeinemann
_c1996
300 0 _a186 p.
_bgráfs., tablas
500 0 _aContiene índice alfabético
504 _aContiene bibliografía p. 178
650 4 _aENSENANZA DE IDIOMAS
650 4 _aINGLES
650 4 _aCOMUNICACION
650 4 _aVOCABULARIO
650 4 _aROL DEL DOCENTE
650 4 _aPROCESO DE APRENDIZAJE
650 4 _aACTIVIDADES DE APRENDIZAJE
653 _aESTRATEGIAS DIDACTICAS
700 1 _aWillis, Jane
_eeditor
700 1 _aWillis, Dave
_eeditor
942 _cBK
998 _cEugenia
999 _c20532
_d20532